Fr. Conceicao Rodrigues College of Engineering

Fluid dynamics (Record no. 31447)

MARC details
000 -LEADER
fixed length control field 00251nam a2200121Ia 4500
082 ## - DEWEY DECIMAL CLASSIFICATION NUMBER
Classification number 532.05
Item number RAY
100 ## - MAIN ENTRY--PERSONAL NAME
Personal name Ray/M
245 ## - TITLE STATEMENT
Title Fluid dynamics
260 ## - PUBLICATION, DISTRIBUTION, ETC.
Name of publisher, distributor, etc. S.Chand and Co.
Place of publication, distribution, etc. New Delhi
Date of publication, distribution, etc. 1968
546 ## - LANGUAGE NOTE
Language note ENGLISH
654 ## - SUBJECT ADDED ENTRY--FACETED TOPICAL TERMS
Focus term fluid
942 ## - ADDED ENTRY ELEMENTS (KOHA)
Koha item type BOOK
Holdings
Withdrawn status Lost status Damaged status Not for loan Collection Home library Current library Date acquired Cost, normal purchase price Total Checkouts Full call number Barcode Date last seen Cost, replacement price Price effective from Koha item type
        CRC Fr. Agnel's C.Rodrigues College of Engineering Fr. Agnel's C.Rodrigues College of Engineering 17/03/2023 25.00   532.05 RAY 202 17/03/2023 25.00 17/03/2023 BOOK
        CRC Fr. Agnel's C.Rodrigues College of Engineering Fr. Agnel's C.Rodrigues College of Engineering 17/03/2023 25.00   532.05 RAY 203 17/03/2023 25.00 17/03/2023 BOOK